[Event "2. Memorial Oliver Gonzalez 2011"]
[Site "Madrid ESP"]
[Date "2011.10.15"]
[Round "8.30"]
[White "Garcia Diaz, Victor Manuel"]
[Black "Rodriguez Vignote, Javier"]
[Result "1-0"]
[WhiteElo "2114"]
[BlackElo "1934"]
[PlyCount "63"]
[EventDate "2011.10.08"]
[EventType "swiss"]
[EventRounds "9"]
[EventCountry "ESP"]
[Source "lmi"]
[SourceDate "2011.10.08"]

1. c4 c5 2. g3 g6 3. Bg2 Bg7 4. e3 Nc6 5. Ne2 e5 6. Nbc3 Nge7 7. O-O O-O 8. a3
a5 9. Nb5 d6 10. h3 Be6 11. Qc2 Qd7 12. Kh2 h6 13. Rd1 Rfd8 14. d4 cxd4 15.
exd4 exd4 16. Nexd4 Nxd4 17. Nxd4 Rac8 18. Nxe6 Qxe6 19. Qa4 Qxc4 20. Qxa5 Nc6
21. Qd5 b5 22. Rb1 Ne7 23. Qb7 Rc7 24. Qb6 Nc8 25. Qa5 Rdd7 26. b3 Qc2 27. Be3
Bb2 28. Qa8 Kh7 29. Be4 Qxb3 30. Bd4 Qxa3 31. Rxb2 b4 32. Rd3 1-0

[Event "2. Memorial Oliver Gonzalez 2011"]
[Site "Madrid ESP"]
[Date "2011.10.15"]
[Round "8.31"]
[White "Cortes Jurado, Rafael"]
[Black "Lozano Sanchez, Jose Antonio"]
[Result "1-0"]
[WhiteElo "2101"]
[BlackElo "1895"]
[PlyCount "49"]
[EventDate "2011.10.08"]
[EventType "swiss"]
[EventRounds "9"]
[EventCountry "ESP"]
[Source "lmi"]
[SourceDate "2011.10.08"]

1. d4 d5 2. Nf3 Nf6 3. c4 c6 4. Nc3 Bf5 5. cxd5 Nxd5 6. e3 e6 7. Bd3 Bb4 8. Qc2
Bxd3 9. Qxd3 Nd7 10. O-O Qf6 11. Bd2 Nxc3 12. bxc3 Bd6 13. c4 Rd8 14. Bc3 Qg6
15. Qxg6 hxg6 16. d5 e5 17. Rfd1 cxd5 18. Rxd5 Nf6 19. Rb5 e4 20. Ng5 Bxh2+ 21.
Kf1 Rh5 22. g3 Rd3 23. Bxf6 gxf6 24. Nxe4 f5 25. Nf6+ 1-0

[Event "2. Memorial Oliver Gonzalez 2011"]
[Site "Madrid ESP"]
[Date "2011.10.15"]
[Round "8.32"]
[White "Dominguez Carmona, Miguel"]
[Black "Fernandez Aransay, Fernando"]
[Result "1-0"]
[WhiteElo "2087"]
[BlackElo "1886"]
[PlyCount "33"]
[EventDate "2011.10.08"]
[EventType "swiss"]
[EventRounds "9"]
[EventCountry "ESP"]
[Source "lmi"]
[SourceDate "2011.10.08"]

1. d4 Nf6 2. c4 e6 3. Nf3 b6 4. Bf4 Bb7 5. e3 Be7 6. Nc3 Nh5 7. Bg3 Nxg3 8.
hxg3 d6 9. Qc2 h6 10. Bd3 Nd7 11. O-O-O Nf6 12. e4 Nh7 13. e5 Ng5 14. Nxg5
Bxg5+ 15. f4 Be7 16. g4 Bxg2 17. Qxg2 1-0

[Event "2. Memorial Oliver Gonzalez 2011"]
[Site "Madrid ESP"]
[Date "2011.10.15"]
[Round "8.34"]
[White "Cabañas Bravo, Juan Andres"]
[Black "Sanchez Romero, Ruben"]
[Result "1-0"]
[WhiteElo "2065"]
[BlackElo "1741"]
[PlyCount "69"]
[EventDate "2011.10.08"]
[EventType "swiss"]
[EventRounds "9"]
[EventCountry "ESP"]
[Source "lmi"]
[SourceDate "2011.10.08"]

1. e4 c5 2. Nf3 g6 3. d4 Bg7 4. dxc5 Qa5+ 5. c3 Qxc5 6. Na3 Nf6 7. Be3 Qa5 8.
Bd4 Nc6 9. Nc4 Qc7 10. e5 Nxd4 11. cxd4 Nd5 12. Ng5 b5 13. Qf3 O-O 14. Qxd5
bxc4 15. Qxa8 c3 16. b3 c2 17. Bc4 Qa5+ 18. Ke2 Ba6 19. Qf3 Bh6 20. h4 Kg7 21.
Qd3 Bb7 22. Qxc2 f6 23. f4 Rc8 24. Qd2 Qb6 25. Nf7 fxe5 26. Nxh6 d5 27. fxe5
dxc4 28. Rhf1 cxb3 29. Rf7+ Kh8 30. axb3 Bd5 31. Rxe7 Qxb3 32. Raxa7 Bc4+ 33.
Kf2 Rf8+ 34. Kg1 Bf7 35. Nxf7+ 1-0

[Event "2. Memorial Oliver Gonzalez 2011"]
[Site "Madrid ESP"]
[Date "2011.10.15"]
[Round "8.36"]
[White "Alvarez Abejon, Amilcar"]
[Black "Tamaslacariu, Ionut"]
[Result "1-0"]
[WhiteElo "2038"]
[BlackElo "1831"]
[PlyCount "135"]
[EventDate "2011.10.08"]
[EventType "swiss"]
[EventRounds "9"]
[EventCountry "ESP"]
[Source "lmi"]
[SourceDate "2011.10.08"]

1. Nf3 Nf6 2. g3 d5 3. Bg2 Bf5 4. c4 e6 5. Qb3 Nbd7 6. Qxb7 Be7 7. Nc3 O-O 8.
Nh4 Nc5 9. Qc6 Rb8 10. Na4 Bc2 11. b3 dxc4 12. Nxc5 Qd4 13. O-O Qxa1 14. Nd7
Nxd7 15. Qxd7 Bxh4 16. gxh4 Qxa2 17. bxc4 Qxc4 18. d3 Qxh4 19. Qxc7 Rfc8 20.
Qxa7 Rb1 21. h3 h6 22. Qa6 Rcb8 23. Qa2 Ba4 24. Qd2 Ra1 25. Qf4 Qd8 26. Be3
Rxf1+ 27. Bxf1 Bd1 28. Bd4 Rb5 29. Kh2 Qa5 30. Qc1 Qe1 31. Qc8+ Kh7 32. Bg2 Rg5
33. h4 Rg6 34. e4 Be2 35. Qc2 Bf1 36. Bf3 Bg2 37. Bxg2 Qa5 38. e5 Rxg2+ 39.
Kxg2 Qd5+ 40. Kg3 Qxd4 41. Qe2 g6 42. Kh3 Kg7 43. Kg3 h5 44. Qe4 Qa1 45. d4
Qg1+ 46. Kf3 Qh1+ 47. Ke3 Qh3+ 48. Ke2 Qg4+ 49. Ke3 Kh6 50. Qf4+ Qxf4+ 51. Kxf4
g5+ 52. hxg5+ Kg6 53. f3 h4 54. Kg4 h3 55. Kxh3 Kxg5 56. Kg3 Kf5 57. Kf2 Kg5
58. Ke3 Kf5 59. f4 Kg4 60. Ke4 Kh5 61. f5 Kg5 62. fxe6 fxe6 63. d5 Kg6 64. dxe6
Kg7 65. Kf5 Kg8 66. Kg6 Kf8 67. Kf6 Ke8 68. e7 1-0

[Event "2. Memorial Oliver Gonzalez 2011"]
[Site "Madrid ESP"]
[Date "2011.10.15"]
[Round "8.37"]
[White "Garcia Serrano, Jose M. Ii"]
[Black "Barajas Fernandez, Helios"]
[Result "0-1"]
[WhiteElo "1898"]
[BlackElo "2104"]
[PlyCount "68"]
[EventDate "2011.10.08"]
[EventType "swiss"]
[EventRounds "9"]
[EventCountry "ESP"]
[Source "lmi"]
[SourceDate "2011.10.08"]

1. e4 c5 2. d4 cxd4 3. c3 dxc3 4. Nxc3 d6 5. Bc4 Nc6 6. Nf3 e6 7. O-O Nf6 8.
Qe2 Be7 9. Rd1 Qc7 10. Bf4 e5 11. Be3 O-O 12. Rac1 Bg4 13. Bb3 Rac8 14. Nd5 Qd7
15. Nc3 h6 16. h3 Bh5 17. Ba4 Kh8 18. g4 Nxg4 19. Nxe5 Ngxe5 20. Qxh5 Qe6 21.
Nd5 Ng6 22. f4 Nh4 23. Qg4 f5 24. exf5 Nxf5 25. Bf2 Qf7 26. b4 h5 27. Qg2 Bh4
28. Bb3 Bxf2+ 29. Kxf2 Ncd4 30. Rxc8 Rxc8 31. Nb6 Nxb3 32. Nxc8 Nbd4 33. Nxd6
Qxa2+ 34. Kf1 Ne3+ 0-1

[Event "2. Memorial Oliver Gonzalez 2011"]
[Site "Madrid ESP"]
[Date "2011.10.15"]
[Round "8.38"]
[White "Hernandez Gutierrez, Jose"]
[Black "Cabañas Jimenez, Manuel"]
[Result "0-1"]
[WhiteElo "1890"]
[BlackElo "2102"]
[PlyCount "104"]
[EventDate "2011.10.08"]
[EventType "swiss"]
[EventRounds "9"]
[EventCountry "ESP"]
[Source "lmi"]
[SourceDate "2011.10.08"]

1. e4 d5 2. exd5 Nf6 3. Bb5+ Bd7 4. Bc4 Bg4 5. f3 Bc8 6. Nc3 Nbd7 7. Nge2 Nb6
8. d3 Nfxd5 9. Bxd5 Nxd5 10. Nxd5 Qxd5 11. Nc3 Qe5+ 12. Qe2 Qxe2+ 13. Nxe2 e5
14. Be3 Bf5 15. O-O-O O-O-O 16. d4 Bd6 17. Ng3 exd4 18. Rxd4 Bg6 19. Rhd1 f6
20. Bf4 Bxf4+ 21. Rxf4 Rxd1+ 22. Kxd1 Rd8+ 23. Kc1 Re8 24. Kd2 Rd8+ 25. Kc1 c5
26. a3 Kc7 27. h4 Rd5 28. Rg4 Kc6 29. Ne2 Rd7 30. Nf4 Bf5 31. Rg3 g6 32. Ne2
Re7 33. Kd2 Bxc2 34. Kxc2 Rxe2+ 35. Kc3 b5 36. h5 g5 37. h6 Rf2 38. b3 Kd5 39.
Rg4 a5 40. Re4 Rxg2 41. Re7 Rg3 42. Rxh7 Rxf3+ 43. Kc2 Rh3 44. Ra7 b4 45. axb4
axb4 46. h7 f5 47. Rf7 Ke4 48. Re7+ Kf3 49. Re5 Kg4 50. Rxc5 Rxh7 51. Rc4+ f4
52. Rxb4 Kg3 0-1

[Event "2. Memorial Oliver Gonzalez 2011"]
[Site "Madrid ESP"]
[Date "2011.10.15"]
[Round "8.40"]
[White "Gadeo Colomina, Francisco"]
[Black "Farre Selma, David"]
[Result "1-0"]
[WhiteElo "2036"]
[BlackElo "1841"]
[PlyCount "93"]
[EventDate "2011.10.08"]
[EventType "swiss"]
[EventRounds "9"]
[EventCountry "ESP"]
[Source "lmi"]
[SourceDate "2011.10.08"]

1. d4 d6 2. Nf3 Bg4 3. g3 Bxf3 4. exf3 c6 5. f4 Nf6 6. Bg2 d5 7. O-O e6 8. Nd2
Nbd7 9. Nf3 Be7 10. c3 O-O 11. Ne5 Rc8 12. Qe2 c5 13. Be3 cxd4 14. cxd4 Bd6 15.
g4 Nb6 16. f3 Nc4 17. Bf2 Bxe5 18. dxe5 Nd7 19. Bd4 Re8 20. Rfd1 Qe7 21. Rac1
Qb4 22. f5 Ncb6 23. Bc3 Qc4 24. Qxc4 Nxc4 25. Kf2 Ncxe5 26. h3 Nc6 27. fxe6
fxe6 28. f4 Rf8 29. Kg3 Nc5 30. f5 exf5 31. Bxd5+ Kh8 32. gxf5 Ne7 33. f6 gxf6
34. Bf3 Na4 35. Bxb7 Nxc3 36. Rxc3 Rxc3+ 37. bxc3 Rf7 38. Bf3 Ng6 39. c4 Rc7
40. Bd5 Ne7 41. Kf4 Nxd5+ 42. cxd5 Kg7 43. d6 Rd7 44. Ke4 Kf7 45. Kd5 Ke8 46.
Ke6 f5 47. Rg1 1-0

[Event "2. Memorial Oliver Gonzalez 2011"]
[Site "Madrid ESP"]
[Date "2011.10.15"]
[Round "8.41"]
[White "Peñaranda Grilo, Juan Carlos"]
[Black "Ronka, Erik"]
[Result "0-1"]
[WhiteElo "1889"]
[BlackElo "2029"]
[PlyCount "68"]
[EventDate "2011.10.08"]
[EventType "swiss"]
[EventRounds "9"]
[EventCountry "ESP"]
[Source "lmi"]
[SourceDate "2011.10.08"]

1. Nf3 Nf6 2. d4 e6 3. g3 d5 4. Bg2 Be7 5. O-O O-O 6. c4 dxc4 7. Ne5 Nc6 8.
Nxc6 bxc6 9. Bxc6 Rb8 10. Nc3 Bb7 11. Bxb7 Rxb7 12. e4 c5 13. d5 exd5 14. exd5
Rd7 15. Qa4 Nxd5 16. Nxd5 Rxd5 17. Be3 Bf6 18. Rab1 c3 19. bxc3 Bxc3 20. Qxa7
Bd4 21. Bxd4 cxd4 22. Rfd1 d3 23. Rd2 h6 24. Rb7 Rd4 25. Re7 Qd5 26. Qb7 Qa5
27. Qb2 Rb4 28. Qc1 Rfb8 29. Qe1 Rb1 30. Rd1 Rxd1 31. Qxd1 Qd5 32. Re3 d2 33.
Rb3 Re8 34. Re3 Rc8 0-1

[Event "2. Memorial Oliver Gonzalez 2011"]
[Site "Madrid ESP"]
[Date "2011.10.15"]
[Round "8.42"]
[White "Paredes Mancha, Antonio"]
[Black "Alonso Herrero, Ignacio"]
[Result "1-0"]
[WhiteElo "2027"]
[BlackElo "1812"]
[PlyCount "105"]
[EventDate "2011.10.08"]
[EventType "swiss"]
[EventRounds "9"]
[EventCountry "ESP"]
[Source "lmi"]
[SourceDate "2011.10.08"]

1. e4 e5 2. Nf3 Nc6 3. Bb5 Nd4 4. Nxd4 exd4 5. O-O g6 6. f4 Bg7 7. b3 c6 8. Bd3
d5 9. exd5 Qxd5 10. Re1+ Ne7 11. Qe2 Bf6 12. Ba3 c5 13. Be4 Qd6 14. Qb5+ Kf8
15. Bxc5 Qxf4 16. Qb4 Qe5 17. Na3 a5 18. Qb5 Bd7 19. Bxe7+ Qxe7 20. Qxb7 Kg7
21. Nc4 d3 22. c3 Qc5+ 23. Kh1 Be6 24. Bxd3 Rad8 25. Bf1 Rb8 26. Qf3 Bd5 27.
Qe3 Qc7 28. Qg3 Qa7 29. Ne3 Be6 30. Bc4 Rhe8 31. Nd5 Bxd5 32. Bxd5 Red8 33. Qf3
Qd7 34. Rf1 Qxd5 35. Qxf6+ Kg8 36. Rae1 Rd6 37. Qf4 Rf8 38. d4 Qc6 39. Re7 Rd7
40. Rxd7 Qxd7 41. Re1 a4 42. c4 axb3 43. axb3 Qb7 44. Qf3 Qb4 45. Rf1 Qd2 46.
d5 f5 47. Rd1 Qc2 48. d6 g5 49. d7 g4 50. Qd5+ Kg7 51. d8=Q Rxd8 52. Qxd8 Qxb3
53. Qg5+ 1-0

[Event "2. Memorial Oliver Gonzalez 2011"]
[Site "Madrid ESP"]
[Date "2011.10.15"]
[Round "8.43"]
[White "Fuentes Arjona, Antonio"]
[Black "Ibañez Moreno, Sergio"]
[Result "1-0"]
[WhiteElo "2001"]
[BlackElo "1789"]
[PlyCount "131"]
[EventDate "2011.10.08"]
[EventType "swiss"]
[EventRounds "9"]
[EventCountry "ESP"]
[Source "lmi"]
[SourceDate "2011.10.08"]

1. c4 Nf6 2. Nf3 e6 3. Nc3 b6 4. g3 Bb7 5. Bg2 Be7 6. O-O O-O 7. d4 d6 8. Re1
Ne4 9. Qc2 Nxc3 10. Qxc3 Nd7 11. e4 c5 12. Qc2 Qc7 13. Bg5 Bxg5 14. Nxg5 h6 15.
Nf3 e5 16. d5 Qd8 17. Nh4 Bc8 18. Bh3 g6 19. Qd2 Kg7 20. f3 Ba6 21. Bf1 Qg5 22.
Qxg5 hxg5 23. Ng2 Rh8 24. Rac1 f5 25. exf5 Raf8 26. Re3 gxf5 27. f4 gxf4 28.
gxf4 Kf6 29. Rcc3 Rfg8 30. Rg3 exf4 31. Nxf4 Ne5 32. b3 Bc8 33. Be2 Rg5 34.
Rxg5 Kxg5 35. Nh3+ Kf6 36. Rg3 Rh6 37. Nf4 Ng4 38. h3 Ne5 39. Nh5+ Ke7 40. Kg2
Rg6 41. Nf4 Rxg3+ 42. Kxg3 Kf6 43. Bh5 Bd7 44. Kh4 a6 45. a4 b5 46. cxb5 axb5
47. a5 Bc8 48. Be2 c4 49. bxc4 bxc4 50. Kg3 c3 51. Nd3 Nxd3 52. Bxd3 Ba6 53.
Bc2 Bc4 54. Kf4 Bxd5 55. a6 Be4 56. a7 Bb7 57. Bxf5 d5 58. h4 d4 59. h5 Kg7 60.
Ke5 Kh6 61. Bg6 d3 62. Bxd3 Kxh5 63. Kd4 Kg4 64. Kxc3 Kf4 65. Kd4 Ba8 66. Bc4
1-0

[Event "2. Memorial Oliver Gonzalez 2011"]
[Site "Madrid ESP"]
[Date "2011.10.15"]
[Round "8.44"]
[White "Grebstad, Kjell Borre"]
[Black "Balsinde Montemayor, Pablo"]
[Result "1-0"]
[WhiteElo "1986"]
[BlackElo "1788"]
[PlyCount "80"]
[EventDate "2011.10.08"]
[EventType "swiss"]
[EventRounds "9"]
[EventCountry "ESP"]
[Source "lmi"]
[SourceDate "2011.10.08"]

1. e4 d6 2. d4 Nf6 3. f3 e5 4. Ne2 Be7 5. c4 O-O 6. Nbc3 c6 7. Be3 Nbd7 8. d5
Nb6 9. Qb3 Qc7 10. g4 Bd7 11. Ng3 cxd5 12. cxd5 Rfc8 13. Rc1 Nc4 14. Bf2 b5 15.
h4 Qa5 16. g5 Ne8 17. Nf5 Bd8 18. a3 Bxf5 19. exf5 Nxb2 20. Qxb2 Rxc3 21. Qxc3
Qxc3+ 22. Rxc3 Ba5 23. Bxb5 Bxc3+ 24. Ke2 Nc7 25. Bc6 Rb8 26. Bxa7 Rb3 27. a4
Na6 28. Rc1 Nb4 29. a5 Rb2+ 30. Kf1 Na2 31. Rxc3 Nxc3 32. a6 Ra2 33. Bb7 Na4
34. f6 gxf6 35. gxf6 h5 36. Be3 Nc5 37. Bxc5 dxc5 38. d6 c4 39. d7 Rd2 40. a7
Kh7 1-0

[Event "2. Memorial Oliver Gonzalez 2011"]
[Site "Madrid ESP"]
[Date "2011.10.15"]
[Round "8.45"]
[White "Rodriguez Diaz, Alberto Jose"]
[Black "Rodriguez Gomez, Jose"]
[Result "1-0"]
[WhiteElo "1978"]
[BlackElo "1754"]
[PlyCount "47"]
[EventDate "2011.10.08"]
[EventType "swiss"]
[EventRounds "9"]
[EventCountry "ESP"]
[Source "lmi"]
[SourceDate "2011.10.08"]

1. e4 e5 2. Nf3 Nc6 3. Bc4 Be7 4. d3 Nf6 5. Bg5 d6 6. c3 Bg4 7. Nbd2 O-O 8. h3
Bd7 9. g4 Na5 10. Nh4 Nxc4 11. Nxc4 b5 12. Ne3 g6 13. Nhg2 c6 14. h4 d5 15. Bh6
Re8 16. h5 dxe4 17. hxg6 fxg6 18. dxe4 Nxe4 19. Qb3+ Kh8 20. Qf7 Bf6 21. Nh4
Rg8 22. Bg7+ Rxg7 23. Nxg6+ Rxg6 24. Rxh7# 1-0

[Event "2. Memorial Oliver Gonzalez 2011"]
[Site "Madrid ESP"]
[Date "2011.10.15"]
[Round "8.47"]
[White "Camarero Izquierdo, Juan Carlos"]
[Black "Dierssen Garcia-Barredo, Guille"]
[Result "1-0"]
[WhiteElo "1933"]
[BlackElo "1682"]
[PlyCount "67"]
[EventDate "2011.10.08"]
[EventType "swiss"]
[EventRounds "9"]
[EventCountry "ESP"]
[Source "lmi"]
[SourceDate "2011.10.08"]

1. d4 Nf6 2. Nc3 d5 3. Bg5 Nbd7 4. Qd2 h6 5. Bh4 e6 6. O-O-O Be7 7. f4 c5 8. e3
Qa5 9. Bxf6 Nxf6 10. Kb1 cxd4 11. exd4 Bb4 12. Bb5+ Bd7 13. Bxd7+ Kxd7 14. Nge2
Ne4 15. Qe3 Nxc3+ 16. Nxc3 Bxc3 17. bxc3 Rhc8 18. Rd3 Rc6 19. Kc1 Qxa2 20. Kd2
Qa3 21. f5 Qe7 22. h4 Re8 23. Qf3 Qf6 24. g4 Rd6 25. c4 Qd8 26. Ra1 Qb6 27. c5
Qb4+ 28. Kc1 Ra6 29. Rxa6 bxa6 30. fxe6+ fxe6 31. Qf7+ Re7 32. Qf4 e5 33. Qf5+
Kc6 34. Qc8+ 1-0

[Event "2. Memorial Oliver Gonzalez 2011"]
[Site "Madrid ESP"]
[Date "2011.10.15"]
[Round "8.48"]
[White "Padin Lazaro, Jose Manuel"]
[Black "Garcia Martin, Juan Manuel"]
[Result "1-0"]
[WhiteElo "1737"]
[BlackElo "1932"]
[PlyCount "79"]
[EventDate "2011.10.08"]
[EventType "swiss"]
[EventRounds "9"]
[EventCountry "ESP"]
[Source "lmi"]
[SourceDate "2011.10.08"]

1. e4 d5 2. exd5 Nf6 3. d4 Bg4 4. Nf3 Qxd5 5. Nc3 Qf5 6. Be2 Nc6 7. h3 Bxf3 8.
Bxf3 O-O-O 9. Bxc6 Qe6+ 10. Be3 Qxc6 11. Qf3 Qxf3 12. gxf3 e6 13. O-O-O Nd5 14.
Ne4 Bd6 15. Nxd6+ Rxd6 16. c4 Nf6 17. Rhg1 Nh5 18. Kc2 Rhd8 19. Rd2 a6 20. Kc3
g6 21. a4 Ng7 22. b4 Nf5 23. Bg5 R8d7 24. Bf4 Rxd4 25. Rgd1 Rxd2 26. Rxd2 Rxd2
27. Bxd2 Kd7 28. Kd3 c6 29. a5 h5 30. Bg5 Kd6 31. Ke4 e5 32. Bf6 Ke6 33. Bxe5
Nd6+ 34. Bxd6 Kxd6 35. f4 f6 36. h4 c5 37. b5 Ke6 38. bxa6 bxa6 39. f5+ gxf5+
40. Kf4 1-0

[Event "2. Memorial Oliver Gonzalez 2011"]
[Site "Madrid ESP"]
[Date "2011.10.15"]
[Round "8.50"]
[White "Perez De Aranda A., Leonardo I"]
[Black "Rodriguez Bachiller, Luis"]
[Result "1-0"]
[WhiteElo "2142"]
[BlackElo "1777"]
[PlyCount "123"]
[EventDate "2011.10.08"]
[EventType "swiss"]
[EventRounds "9"]
[EventCountry "ESP"]
[Source "lmi"]
[SourceDate "2011.10.08"]

1. e4 c5 2. Nf3 Nc6 3. d4 cxd4 4. Nxd4 e5 5. Nb5 a6 6. Nd6+ Bxd6 7. Qxd6 Qf6 8.
Qd1 Qg6 9. Nc3 Nge7 10. h4 h5 11. Bg5 d5 12. Bxe7 d4 13. Bg5 dxc3 14. bxc3
Qxe4+ 15. Be2 Bf5 16. O-O Qxc2 17. Bf3 Qxd1 18. Raxd1 f6 19. Rfe1 Kf7 20. Be3
e4 21. Be2 Ne5 22. a4 Rac8 23. Rb1 Rc7 24. Bd4 e3 25. Bxe5 exf2+ 26. Kxf2 fxe5
27. Rb6 g6 28. Bf3 e4 29. Bxe4 Bxe4 30. Rxe4 Rhc8 31. Rf4+ Kg7 32. Rff6 Rc6 33.
Rfxc6 Rxc6 34. Rxb7+ Kf6 35. g3 Rxc3 36. Rb6+ Kf5 37. Rxa6 Ra3 38. Ra5+ Kf6 39.
Kg2 Ke6 40. Rg5 Kf6 41. a5 Kf7 42. Kf2 Kf6 43. Ke2 Rc3 44. Kd2 Rc6 45. Kd3 Kf7
46. Kd4 Kf6 47. Rb5 Rc1 48. a6 Ra1 49. Rb6+ Kf5 50. Kc4 g5 51. Rb5+ Kf6 52.
Rxg5 Rxa6 53. Kd4 Ra4+ 54. Ke3 Ra3+ 55. Kf4 Ra4+ 56. Kf3 Ra2 57. Rxh5 Kg6 58.
Re5 Kf6 59. Re3 Ra1 60. g4 Rf1+ 61. Ke2 Rf4 62. Rf3 1-0

[Event "2. Memorial Oliver Gonzalez 2011"]
[Site "Madrid ESP"]
[Date "2011.10.15"]
[Round "8.51"]
[White "Spitzer Isbert, Ramon"]
[Black "Garcia Donoso, Alberto"]
[Result "1-0"]
[WhiteElo "2099"]
[BlackElo "1744"]
[PlyCount "75"]
[EventDate "2011.10.08"]
[EventType "swiss"]
[EventRounds "9"]
[EventCountry "ESP"]
[Source "lmi"]
[SourceDate "2011.10.08"]

1. Nf3 f5 2. e4 fxe4 3. Ng5 Nf6 4. d3 exd3 5. Bxd3 e6 6. O-O Bc5 7. Nc3 d5 8.
Re1 Qd6 9. Bf5 e5 10. Bxc8 Nbd7 11. Bxd7+ Nxd7 12. Qxd5 Qxd5 13. Nxd5 O-O 14.
Ne4 Bd4 15. c3 Bb6 16. Bg5 Rae8 17. Rad1 h6 18. Ne7+ Kh7 19. Rxd7 hxg5 20.
Nxg5+ Kh6 21. Rxe5 Bxf2+ 22. Kh1 Bd4 23. Re6+ Kxg5 24. Rd5+ Be5 25. Rdxe5+ Kg4
26. Re4+ Kg5 27. h4+ Kh5 28. R6e5+ Kh6 29. Nf5+ Rxf5 30. Rxe8 Rf2 31. R8e6+ Kh7
32. Rg4 Rxb2 33. Re7 Rxa2 34. Rexg7+ Kh6 35. Kh2 b5 36. Kh3 Rd2 37. R4g6+ Kh5
38. g4# 1-0

[Event "2. Memorial Oliver Gonzalez 2011"]
[Site "Madrid ESP"]
[Date "2011.10.15"]
[Round "8.52"]
[White "Sanchez Millan, Eduardo"]
[Black "De Dompablo Fantova, Juan"]
[Result "1-0"]
[WhiteElo "2017"]
[BlackElo "1725"]
[PlyCount "69"]
[EventDate "2011.10.08"]
[EventType "swiss"]
[EventRounds "9"]
[EventCountry "ESP"]
[Source "lmi"]
[SourceDate "2011.10.08"]

1. Nf3 Nf6 2. d4 g6 3. Nc3 Bg7 4. e4 d6 5. Bc4 O-O 6. Qe2 Bg4 7. e5 Bxf3 8.
gxf3 Nh5 9. f4 dxe5 10. dxe5 e6 11. Be3 Qe7 12. O-O-O Nd7 13. Ne4 Rfd8 14. Rhg1
Rab8 15. Rg5 Qb4 16. a3 Qa4 17. Nc3 Qc6 18. Rdg1 a6 19. Bd3 Nf8 20. Qxh5 f6 21.
exf6 Bxf6 22. Rc5 Qd7 23. Qe2 b5 24. f5 Qg7 25. fxg6 Nxg6 26. Bd2 b4 27. Bxg6
hxg6 28. Qxe6+ Kh7 29. Rh5+ gxh5 30. Rxg7+ Kxg7 31. Bh6+ Kxh6 32. Qxf6+ Kh7 33.
Qf7+ Kh6 34. Ne4 Rg8 35. Qf4+ 1-0

[Event "2. Memorial Oliver Gonzalez 2011"]
[Site "Madrid ESP"]
[Date "2011.10.15"]
[Round "8.53"]
[White "Galan Aguado, Fernando"]
[Black "Fernandez Garcia, Ignacio"]
[Result "1/2-1/2"]
[WhiteElo "1779"]
[BlackElo "1932"]
[PlyCount "44"]
[EventDate "2011.10.08"]
[EventType "swiss"]
[EventRounds "9"]
[EventCountry "ESP"]
[Source "lmi"]
[SourceDate "2011.10.08"]

1. d4 d5 2. Nf3 Nf6 3. e3 Nbd7 4. Bd3 e6 5. O-O Bd6 6. b3 Ne4 7. Bb2 f5 8. Ne5
O-O 9. Nd2 Qh4 10. Ndf3 Qh6 11. c4 c6 12. Nxd7 Bxd7 13. Ne5 Be8 14. f4 Nf6 15.
Be2 g5 16. fxg5 Qxg5 17. Rf3 Ne4 18. Rh3 Kh8 19. Qe1 Rg8 20. Bf3 Nf6 21. Rg3
Qh6 22. Rh3 Qg7 1/2-1/2

[Event "2. Memorial Oliver Gonzalez 2011"]
[Site "Madrid ESP"]
[Date "2011.10.15"]
[Round "8.54"]
[White "Hernandez Mateo, Borja"]
[Black "Tirado Parra, Alberto"]
[Result "1/2-1/2"]
[WhiteElo "1746"]
[BlackElo "1914"]
[PlyCount "87"]
[EventDate "2011.10.08"]
[EventType "swiss"]
[EventRounds "9"]
[EventCountry "ESP"]
[Source "lmi"]
[SourceDate "2011.10.08"]

1. e4 d5 2. exd5 Qxd5 3. Nc3 Qa5 4. d4 Nf6 5. Bd2 c6 6. Bc4 Bf5 7. Nf3 e6 8.
O-O Nbd7 9. Re1 Qc7 10. Bb3 O-O-O 11. Ne5 Nxe5 12. dxe5 Ng4 13. h3 Nxe5 14. Qe2
Bd6 15. Na4 h6 16. c4 Bd3 17. Qe3 Nxc4 18. Bxc4 Bxc4 19. Qxa7 Bh2+ 20. Kh1 Rxd2
21. Nb6+ Kd8 22. Nxc4 Rd5 23. Ne3 Rd7 24. b4 Be5 25. Rac1 Bd4 26. Qa8+ Qc8 27.
Qa5+ Ke7 28. Nf5+ Ke8 29. Re4 Bb2 30. Rce1 Rd5 31. Qxd5 cxd5 32. Nd6+ Kd7 33.
Nxc8 dxe4 34. Nb6+ Ke7 35. Rxe4 Rd8 36. Rc4 Rd1+ 37. Kh2 Be5+ 38. f4 Bd6 39.
Nc8+ Kd7 40. Nxd6 Kxd6 41. a4 Ra1 42. b5 g5 43. fxg5 hxg5 44. Kg3 1/2-1/2

[Event "2. Memorial Oliver Gonzalez 2011"]
[Site "Madrid ESP"]
[Date "2011.10.15"]
[Round "8.56"]
[White "Benitez Cadenas, Luis Miguel"]
[Black "Morona Minguez, Irene"]
[Result "0-1"]
[WhiteElo "1737"]
[BlackElo "1894"]
[PlyCount "96"]
[EventDate "2011.10.08"]
[EventType "swiss"]
[EventRounds "9"]
[EventCountry "ESP"]
[Source "lmi"]
[SourceDate "2011.10.08"]

1. d4 Nf6 2. Nc3 g6 3. Bg5 Bg7 4. e4 d6 5. e5 dxe5 6. dxe5 Nfd7 7. e6 fxe6 8.
Bc4 Nb6 9. Qxd8+ Kxd8 10. Rd1+ Ke8 11. Bb3 Na6 12. Nge2 c6 13. a3 Nd5 14. O-O
h6 15. Bc1 Nac7 16. Rfe1 Nxc3 17. Nxc3 Nd5 18. Na4 b6 19. c4 Nf6 20. Rd3 c5 21.
Rg3 Kf7 22. Bc2 g5 23. Nc3 Bd7 24. f4 Nh5 25. Rf3 Bd4+ 26. Kh1 g4 27. Rd3 Bc6
28. Bd1 Nf6 29. Be3 Rad8 30. Kg1 a6 31. b4 Rd7 32. Bxd4 cxd4 33. Ne2 Rhd8 34.
Ng3 h5 35. Nxh5 Nxh5 36. Bxg4 Ng7 37. Rh3 d3 38. Bd1 d2 39. Ree3 Rd4 40. Rh7
Rxc4 41. Rg3 Rg8 42. Bh5+ Kf8 43. Rd3 Bd5 44. Rxd2 Nxh5 45. Rxh5 Rc1+ 46. Kf2
Rxg2+ 47. Ke3 Re1+ 48. Kd3 Be4+ 0-1

[Event "2. Memorial Oliver Gonzalez 2011"]
[Site "Madrid ESP"]
[Date "2011.10.15"]
[Round "8.57"]
[White "Suarez Prieto, Leopoldo"]
[Black "Bolea Olivan, Jose Angel"]
[Result "1-0"]
[WhiteElo "1724"]
[BlackElo "1870"]
[PlyCount "105"]
[EventDate "2011.10.08"]
[EventType "swiss"]
[EventRounds "9"]
[EventCountry "ESP"]
[Source "lmi"]
[SourceDate "2011.10.08"]

1. e4 c5 2. Nc3 e6 3. f4 d5 4. Nf3 d4 5. Ne2 Nc6 6. d3 Be7 7. a3 b5 8. Ng3 h5
9. h4 Nh6 10. Be2 Ng4 11. Bd2 Qc7 12. e5 Bb7 13. Ne4 f6 14. Nh2 f5 15. Ng5 Bxg5
16. hxg5 O-O-O 17. Bf3 Ne7 18. O-O Nd5 19. Qe2 Nde3 20. Bxe3 Nxe3 21. Rfc1 Bxf3
22. Nxf3 Nd5 23. Qd2 h4 24. c3 dxc3 25. bxc3 Qa5 26. Nd4 Kd7 27. Nb3 Qb6 28. c4
bxc4 29. dxc4 Qxb3 30. cxd5 Qxd5 31. Qa5 Qd4+ 32. Kh1 h3 33. Rd1 hxg2+ 34. Kxg2
Kc6 35. Qa6+ Kc7 36. Qxa7+ Kc6 37. Rxd4 Rxd4 38. Qa6+ Kc7 39. Ra2 Rh4 40. Qxe6
Rg4+ 41. Kf1 Rgxf4+ 42. Rf2 Rd1+ 43. Ke2 Rfd4 44. Qxf5 c4 45. Qf7+ Kc6 46. Qxg7
R1d2+ 47. Kf1 c3 48. Rf6+ Kb5 49. Qb7+ Kc4 50. Rc6+ Kd3 51. Qh7+ Re4 52. Rxc3+
Kd4 53. Rc4+ 1-0

[Event "2. Memorial Oliver Gonzalez 2011"]
[Site "Madrid ESP"]
[Date "2011.10.15"]
[Round "8.58"]
[White "De La Orden Alcocer, Alejandro"]
[Black "Martin Rodriguez, Jose L"]
[Result "1-0"]
[WhiteElo "1852"]
[BlackElo "1483"]
[PlyCount "31"]
[EventDate "2011.10.08"]
[EventType "swiss"]
[EventRounds "9"]
[EventCountry "ESP"]
[Source "lmi"]
[SourceDate "2011.10.08"]

1. c4 e5 2. g3 Nf6 3. Bg2 d5 4. cxd5 Nxd5 5. Nc3 Nxc3 6. bxc3 Nc6 7. d3 Bc5 8.
Nf3 Bb6 9. O-O O-O 10. Bg5 Qd6 11. Nd2 Be6 12. Qa4 h6 13. Ne4 Qd7 14. Be3 Bh3
15. Nc5 Bxc5 16. Bxh3 1-0